000 00572nas a2200169 a 4500
008 110815c20109999||||||||||||||||| || u
022 _a08501432
050 _aUNESCO(05)UA
110 _aUnited Nations Educational, Scientific and Cultural Organization (UNESCO)
245 1 0 _aUNESCO Africa
260 _aDakar
_bUnited Nations, Scientific and Cultural Organization (UNESCO)
_c2010
300 _a98p
350 _a0.00
362 1 _aNo.2: Sustainable development for wealth creation in Africa
650 0 _aSUSTAINABLE DEVELOPMENT--AFRICA
650 _aEDUCATION--AFRICA
999 _c60786
_d60786